000
00307nam a22001337a 4500
008
250424b |||||||| |||| 00| 0 eng d
020
_a
0688048382
050
_a
HD9710
_b
.H35
100
_a
HALBERSTAM, David
245
_a
The Reckoning
260
_a
U.S.A
_b
Halberstam
_c
1986
300
_a
752p.
942
_c
BK
999
_c
3177
_d
3177